Faculty of Law Library — Cairo University

Official Online Catalog

International Aggression : (Record no. 63705)

MARC details
000 -LEADER
fixed length control field 01009nam a2200301 i 4500
003 - CONTROL NUMBER IDENTIFIER
control field EG-GICUC
005 - DATE AND TIME OF LATEST TRANSACTION
control field 20260218204436.0
008 - FIXED-LENGTH DATA ELEMENTS--GENERAL INFORMATION
fixed length control field 260218s1979 sw ||||fr|||| 00| 0 eng d
020 ## - INTERNATIONAL STANDARD BOOK NUMBER
International Standard Book Number 9122002987
040 ## - CATALOGING SOURCE
Original cataloging agency EG-GiCUC
Language of cataloging eng
Transcribing agency EG-GiCUC
Modifying agency EG-GiCUC
Description conventions Rda
082 04 - DEWEY DECIMAL CLASSIFICATION NUMBER
Edition number 21
Classification number 341
Item number AH . I
092 04 - LOCALLY ASSIGNED DEWEY CALL NUMBER (OCLC)
Edition number 21
099 ## - LOCAL FREE-TEXT CALL NUMBER (OCLC)
Classification number Law1 11 341 AH . I 1979
100 1# - MAIN ENTRY--PERSONAL NAME
Personal name Ahmed M. Rifaat
Relator term Author.
245 10 - TITLE STATEMENT
Title International Aggression :
Remainder of title A Study of the Legal Concept: Its Development and Definition in International Law /
Statement of responsibility, etc. Ahmed M. Rifaat.
Number of part/section of a work
264 #1 - PRODUCTION, PUBLICATION, DISTRIBUTION, MANUFACTURE, AND COPYRIGHT NOTICE
Place of production, publication, distribution, manufacture Stockholm :
Name of producer, publisher, distributor, manufacturer Almqvist & Wiksell International,
Date of production, publication, distribution, manufacture, or copyright notice 1979.
300 ## - PHYSICAL DESCRIPTION
Extent 355page :
Other physical details illustration ;
Dimensions 24 cm.
336 ## - CONTENT TYPE
Source rda contenu
Content type term texte
337 ## - MEDIA TYPE
Source rda medias
Media type term Ordinateur
338 ## - CARRIER TYPE
Source transporteur rda
Carrier type term Ressource en ligne
504 ## - BIBLIOGRAPHY, ETC. NOTE
Bibliography, etc. note
546 ## - LANGUAGE NOTE
Language note Text in English
650 14 - SUBJECT ADDED ENTRY--TOPICAL TERM
Topical term or geographic name entry element Public international law
Source of heading or term
651 1# - SUBJECT ADDED ENTRY--GEOGRAPHIC NAME
Source of heading or term
856 40 - ELECTRONIC LOCATION AND ACCESS
Uniform Resource Identifier <a href="https://fll.law.cu.edu.eg/fulltext/bks/B11-07904.pdf">https://fll.law.cu.edu.eg/fulltext/bks/B11-07904.pdf</a>
905 ## - Cataloger and Reviser Names
Cataloger Name: Dina
942 ## - ADDED ENTRY ELEMENTS (KOHA)
Source of classification or shelving scheme Dewey Decimal Classification
Koha item type Books
Edition 21
Suppress in OPAC No
Holdings
Withdrawn status Lost status Source of classification or shelving scheme Damaged status Not for loan Collection Home library Current library Date acquired Total checkouts Full call number Barcode Date last seen Copy number Price effective from Koha item type
    Dewey Decimal Classification   Not for loan القانون الدولي العام جــــامعة القــاهرة مكتبة كلية الحقوق - المبنى الرئيسي 18.02.2026   Law1 11 341 AH . I 1979 1107904 C1 B11-07904 18.02.2026 1 18.02.2026 Books
    Dewey Decimal Classification     القانون الدولي الخاص جــــامعة القــاهرة مكتبة كلية الحقوق - المبنى الرئيسي 18.02.2026   Law1 11 341 AH . I 1979 1107905 C2 B11-07905 18.02.2026 2 18.02.2026 Books
    Dewey Decimal Classification     القانون الدولي العام جــــامعة القــاهرة مكتبة كلية الحقوق - فـرع الشيخ زايد 09.03.2026   Law2 11 341 AH . I 1979 1106942 C3 B11-06942 09.03.2026 3 09.03.2026 Books

© All rights reserved — Faculty of Law, Cairo University